Sustainable development in Wales (Record no. 118128)
[ view plain ]
| 000 -LEADER | |
|---|---|
| fixed length control field | 01111cam a2200205 4500 |
| 001 - CONTROL NUMBER | |
| control field | WB@3612-208 |
| 008 - FIXED-LENGTH DATA ELEMENTS--GENERAL INFORMATION | |
| fixed length control field | 041006n2004 000 0 eng u |
| 035 ## - SYSTEM CONTROL NUMBER | |
| System control number | (Sirsi) u127634 |
| 245 ## - TITLE STATEMENT | |
| Title | Sustainable development in Wales |
| 260 ## - PUBLICATION, DISTRIBUTION, ETC. | |
| Date of publication, distribution, etc. | 2004 |
| 490 ## - SERIES STATEMENT | |
| Series statement | Planning (for the Natural and Built Environment) |
| Volume/sequential designation | (1589) 1 October 2004 3(1) |
| 520 ## - SUMMARY, ETC. | |
| Summary, etc. | "A summary of sustainable development in Wales" has just been published by the Joseph Rowntree Foundation. The study shows that the concept of sustainable development causes considerable confusion for policy-makers in Wales. This range of interpretations results in a lack of progress in many organisations. The report also argues that the duty on the Welsh Assembly government to promote sustainable development is an important factor in promoting an integrated approach. The report can be viewed at: http://www.jrf.org.uk. http://www.jrf.org.uk/knowledge/findings/housing/9 24.asp |
| 590 ## - LOCAL NOTE (RLIN) | |
| Local note | WB |
| 590 ## - LOCAL NOTE (RLIN) | |
| Local note | WB |
| 650 ## - SUBJECT ADDED ENTRY--TOPICAL TERM | |
| Topical term or geographic name entry element | SUSTAINABLE DEVELOPMENT |
| 650 ## - SUBJECT ADDED ENTRY--TOPICAL TERM | |
| Topical term or geographic name entry element | WALES |
| 650 ## - SUBJECT ADDED ENTRY--TOPICAL TERM | |
| Topical term or geographic name entry element | GUIDANCE |
| 690 ## - LOCAL SUBJECT ADDED ENTRY--TOPICAL TERM (OCLC, RLIN) | |
| Topical term or geographic name as entry element | DEVELOPMENT-SUSTAINABLE |
| 942 ## - ADDED ENTRY ELEMENTS (KOHA) | |
| Suppress in OPAC | 0 |
| Withdrawn status | Lost status | Source of classification or shelving scheme | Damaged status | Not for loan | Home library | Current library | Shelving location | Date acquired | Total Checkouts | Full call number | Barcode | Date last seen | Copy number | Price effective from | Koha item type |
|---|---|---|---|---|---|---|---|---|---|---|---|---|---|---|---|
| Dewey Decimal Classification | London | London | News article | 06/10/2004 | WB4038-07 | 127634-1001 | 06/08/2019 | 1 | 06/08/2019 | News article |